| 000 | 00458nam a2200193Ia 4500 | ||
|---|---|---|---|
| 003 | OSt | ||
| 005 | 20250305090025.0 | ||
| 008 | 210210b1976 xxu||||| |||| 00| 0 eng d | ||
| 040 | _cAL | ||
| 041 | _ahin | ||
| 082 | _aH891.1 MADN | ||
| 100 |
_aMADHUP (Pratvinath). _9203923 |
||
| 245 |
_aNilaja: _bनीलाजा |
||
| 260 |
_aShrinagar _bSahity Vibhag _c1976 |
||
| 300 | _a- | ||
| 690 |
_aHindi Poetry _9203924 |
||
| 906 | _a032195 | ||
| 942 |
_2ddc _cBK |
||
| 999 |
_c82974 _d82974 |
||